00589cam a22002051 4500001001300000003000400013005001700017008004100034010001700075035002000092040003500112042001200147050001800159100003100177245002000208260003800228300004600266600005600312999001500368af 47001672 DLC20260227110809.0911115s1945 it c 000 0 ita c aaf 47001672  a(OCoLC)24790823 aHarvard univ. LibrarycCUdDLC apremarc00aDG575.C58bC31 aCatanzaro, Giuseppe Maria.00aMontezemolo ... a[Roma]bEditoriale romanac[1945] a191 p., 2 l. incl. front. (port.)c22 cm.20aCordero Lanza de Montezemolo, Giuseppe,d1901-1944. c1340d1340